Êtes-vous rapide ? Test de rapidité lettres - Statistiques

Statistiques générales
  • Ce quiz a été pris 1 331 fois
  • Le résultat moyen est 4 sur 6
Statistiques - réponses
Consignes Possibilitées Réponse % Correct
Elle est après P dans l'alphabet 10
100%
Un pays commence par cette lettre 8
82%
C'est une consonne 6
69%
Elle n'est pas dans le nom raccourci de "train à grande vitesse" 4
48%
Parmis les lettres restantes, la (ou les lettres) qui entouraient la lettre sont eliminés 2
36%
...CUlturegenerale1 ! 1
25%
Aucun quiz correspondant
Distribution des résultats
% des personnes avec chaque résultat
Percentile par nombre de réponses
Votre historique - résultats
Vous n’avez pas pris ce quiz